00721naa a2200169 i 45000010005000000030009000050050017000140080041000310400029000720410008001011000119001092450088002285460019003167730188003359420013005239990015005369078KOSZ 00520180320105119.0180316s2008 pl |000 0 pol  aKOSZ 005/HRcKOSZ 005/HR0 apol1 aZAWADZKA, Danuta.d2007-2011.bPolitechnika Koszalińska - Instytut Ekonomii i Zarządzania,cZakład Finansów10aOcena metod windykacji należności małych przedsiębiorstw /cDanuta Zawadzka. aStreszcz. ang.0 iW :tUwarunkowania i prawidłowości gospodarcze wywierające wpływ na efektywność funkcjonowania przedsiębiorstw / red. T. Dudycz. -gs. 129-136.dWrocław : Indygo, 2008. - 2UKDcROZ c9078d9078